000 00605nam a2200229 i 4500
001 C2-0220852
003 PPAK
005 20180728150705.0
008 991006s1990 my a|||| ||||| | may d
020 _a9676101923
040 _aPPAK
_beng
_cPPAK
_erda
082 0 4 _a332.6322
_223
090 0 0 _a332.6322
_bRUA
_dR
245 0 0 _aRuangan ASN
264 1 _aKuala Lumpur :
_bUtusan ,
_c1990
300 _a298 pages :
_billustrations ;
_c22 cm
336 _2rdacontent
_atext
337 _2rdamedia
_aunmediated
338 _2rdacarrier
_avolume
650 1 0 _aMarket Share ; Investment
942 _ddc
_cB
999 _c142688
_d142688